Zgadnij Flagę - Utrudnienia - Statystyki

Ogólne statystyki
  • Ten quiz został rozwiązany 28 razy
  • Średni wynik to 10 z 20
Statystyki odpowiedzi
Obrazkowy Odpowiedź % Poprawnych
Hiszpania
100%
Szwajcaria
100%
Mołdawia
95%
Polska
95%
Haiti
90%
Peru
90%
Brunei
67%
Lichtenstein
57%
Malediwy
57%
Timor Wschodni
57%
Nauru
48%
Antigua i Barbuda
43%
Saint Kitts i Nevis
33%
Wyspy Cooka
19%
Bermudy
14%
Hawaje
10%
Kapsztad
0%
Oberkochen
0%
Paryż
0%
Wilno
0%
Nie znaleziono quizów pasujących do podanych kryteriów
Rozkład punktacji
Procent ludzi z każdym wynikiem
Percentyl według liczby udzielonych odpowiedzi
Twoja historia wyników
Nie rozwiązałeś tego quizu